000 002930000a22000970004500
100 1 _aMcConville, J.G. (J. Gordon)
245 1 0 _aBiblical theology : Canon and plain sense
300 _aVol. 19, Num. 2 (2001), Páginas 134-157
773 0 _tScottish Bulletin of Evangelical Theology
942 _cANA
999 _c55778
_d55778